[Event "Medellin Cuartas Memorial B"]
[Site "Medellin"]
[Date "2011.08.06"]
[Round "6.51"]
[White "Avendano, Jhoan"]
[Black "Zamorano, Luis Fernando"]
[Result "0-1"]
[WhiteElo "1600"]
[BlackElo "1550"]
[PlyCount "70"]
[EventDate "2011.08.03"]
[EventType "swiss"]
[EventRounds "8"]
[EventCountry "COL"]
[SourceTitle "EXT 2024"]
[Source "ChessBase"]
[SourceDate "2023.10.10"]
[SourceVersion "1"]
[SourceVersionDate "2023.10.10"]
[SourceQuality "1"]

1. e4 e5 2. Nf3 Nc6 3. Bc4 Be7 4. d3 d6 5. h3 Nf6 6. Nc3 a6 7. Be3 Na5 8. Bb3 Nxb3 9. axb3 0-0 10. 0-0 c5 11. Ne2 Be6 12. c4 Rc8 13. Qd2 Nd7 14. b4 f5 15. exf5 Bxf5 16. bxc5 Nxc5 17. Bxc5 Rxc5 18. Ng3 Bg6 19. b4 Rc8 20. Rfe1 h6 21. Ne4 d5 22. Nxe5 Bxe4 23. dxe4 dxc4 24. Qxd8 Rfxd8 25. Rab1 b5 26. Ng6 Kf7 27. Nxe7 Kxe7 28. Ra1 Rc6 29. Re3 Rd2 30. Raa3 Rd1+ 31. Kh2 Rb1 32. Rg3 g6 33. f4 Kf6 34. e5+ Kf7 35. Rg4 Rxb4 0-1